Członkowie Hotelu Maffija 3 - Statystyki

Ogólne statystyki
  • Ten quiz został rozwiązany 91 razy
  • Średni wynik to 25 z 60
Statystyki odpowiedzi
Odpowiedź % Poprawnych
Białas
98%
Bedoes
96%
White 2115
94%
Mata
92%
Solar
92%
Kinny Zimmer
83%
Jacuś
77%
Lanek
75%
Nypel
73%
Fukaj
71%
Tomb
69%
Blacha
67%
Bambi
65%
Kuqe 2115
65%
Bandura
63%
Dzinold
63%
Janusz Walczuk
63%
Żabson
63%
Beteo
60%
Sokół
58%
Szaran
56%
Szpaku
56%
Chivas
54%
po prostu Kajtek
52%
Michał Anioł
46%
Wyguś
46%
Flexxy 2115
44%
Bryan
42%
Adi Nowak
40%
Sobel
38%
Slowez
37%
WoLa
35%
Koldi
33%
Maciej Kacperczyk
33%
Mario
33%
27.FUCKDEMONS
29%
Paweł Kacperczyk
29%
Tadeo
29%
ADM
27%
Pedro
27%
Szczepan
25%
Wac Toja
25%
Wroobel
23%
Bonson
21%
Deys
21%
Flory
19%
Palar
19%
Deemz
15%
DJ Johny
13%
Danny
12%
Seek
6%
Kubi Producent
2%
Szymon_C
2%
Lucassi
0%
Magiera
0%
Monika Błocka
0%
SHDOW
0%
TONY2000
0%
Veri
0%
wxrrior
0%
Nie znaleziono quizów pasujących do podanych kryteriów
Rozkład punktacji
Procent ludzi z każdym wynikiem
Percentyl według liczby udzielonych odpowiedzi
Twoja historia wyników
Nie rozwiązałeś tego quizu